Ekonometrické modelovanie pri malom počte pozorovaní
Pri tvorbe ekonometrických modelov ekonomiky Slovenska každý tvorca narazí na obmedzenie nízkeho počtu ročných údajov, ktoré sú k dispozícii. Prípady s malým počtom pozorovaní priniesli do ekonometrického modelovania experimentálne techniky typu Monte Carlo, ktorých obmedzenia vyplývajúce z nutnosti...
Salvato in:
| Autore principale: | |
|---|---|
| Natura: | Capitolo di libro |
| Lingua: | slovacco |
| Soggetti: | |
| Tags: |
Nessun Tag, puoi essere il primo ad aggiungerne!!
|
MARC
| LEADER | 00000naa$a2200000$$$4500 | ||
|---|---|---|---|
| 001 | 0029949 | ||
| 005 | 20240502071435.7 | ||
| 041 | 0 | |a slo | |
| 044 | |a SK | ||
| 245 | 1 | 0 | |a Ekonometrické modelovanie pri malom počte pozorovaní |c Martin Lukáčik |
| 520 | |a Pri tvorbe ekonometrických modelov ekonomiky Slovenska každý tvorca narazí na obmedzenie nízkeho počtu ročných údajov, ktoré sú k dispozícii. Prípady s malým počtom pozorovaní priniesli do ekonometrického modelovania experimentálne techniky typu Monte Carlo, ktorých obmedzenia vyplývajúce z nutnosti použitia normálneho rozdelenia zasa upriamujú pozornosť na metódu bootstrapping. Jej ponúkané širokospektrálne použitie a možnosti sú aktuálne predmetom výskumu aplikovanej ekonometrie. | ||
| 610 | 2 | 0 | |a ekonometria |
| 610 | 2 | 0 | |a modelovanie ekonometrické |
| 610 | 2 | 0 | |a metóda Monte Carlo |
| 100 | 1 | |a Lukáčik, Martin, 1974- | |